00333 a2200097 4500001001000000005001700010008004100027245007800068100002500146773006400171ART_1100020260410161849.0260409a 10aVariabilidad de precios relativos en modelos de generaciones superpuestas1 aLeone, Alfredo Mario0 tEconómicag- Año XXXII, Nº 1 (ene./jun. 1986)wREV7541